000 00405nam a22001577a 4500
003 NUST - PNEC
005 20170116181154.0
008 160108b xxu||||| |||| 00| 0 eng d
020 _a-
040 _cLIBRARY
082 _a623.81 HAY
100 _915778
_aHayward D S
245 _aDepartment Of The Navy Ships Control Center
_cHayward D S
650 _915780
_aNavy Ships
_xME, MIS
942 _2ddc
_cBK
999 _c71130
_d71130